000 00267nam a22001217a 4500
008 170327b xxu||||| |||| 00| 0 eng d
041 _aeng
080 _24 ED
_a616.9
100 _a8
101 _aSHM
245 _aPLANT VIRUSES AND DISEASES
_cBAWDEN
942 _2udc
_cBK
999 _c8674
_d8674